Translate Welsh Country Names into English #1 - Statistics

General Stats
  • This quiz has been taken 40 times
  • The average score is 7 of 10
Answer Stats
Welsh English % Correct
Ffrainc France
94%
Norwy Norway
94%
yr Almaen Germany
88%
Cymru Wales
85%
Lloegr England
76%
Iwerddon Ireland
74%
yr Alban Scotland
71%
Sbaen Spain
68%
Eidal Italy
59%
Aifft Egypt
35%
No matching quizzes found
Score Distribution
Percent of People with Each Score
Percentile by Number Answered
Your Score History
You have not taken this quiz